01638nam a2200361 a 4500001001200000003000800012006001900020007001500039008004100054010001700095020001800112020001500130040002100145035002100166043001200187050002500199082001600224245023300240260005800473300002200531504004100553533015200594650006700746650005700813650006100870655002900931700002100960700004800981700003501029710006901064710001701133856012601150ebr10225198CaPaEBRm u cr cn|||||||||080717s2008 dcua sb 100 0 eng d z 2008274866 z9780309114875 z030911487X aCaPaEBRcCaPaEBR a(OCoLC)233832152 an-us---14aTJ808.6b.B56 2008eb04a621.04222200aBioinspired chemistry for energyh[electronic resource] :ba workshop summary to the Chemical Sciences Roundtable /c[workshop summary prepared by rapporteurs Sandi Schwartz, Tina Masciangioli, and Boonchai Boonyaratanakornkit]. aWashington, D.C. :bNational Academies Press,cc2008. axi, 55 p. :bill. aIncludes bibliographical references. aElectronic reproduction.bPalo Alto, Calif. :cebrary,d2013.nAvailable via World Wide Web.nAccess may be limited to ebrary affiliated libraries. 0aRenewable energy sourcesxResearchzUnited StatesvCongresses. 0aBiomass energyxResearchzUnited StatesvCongresses. 0aEnergy developmentxResearchzUnited StatesvCongresses. 7aElectronic books.2local1 aSchwartz, Sandi.1 aMasciangioli, Tina M.q(Tina Marie),d1969-1 aBoonyaratanakornkit, Boonchai.2 aNational Research Council (U.S.).bChemical Sciences Roundtable.2 aebrary, Inc.40uhttp://site.ebrary.com/lib/rucke/Doc?id=10225198zAn electronic book accessible through the World Wide Web; click to view